|
|
|
|
| LEADER |
00000cam a2200000 7i4500 |
| 001 |
0000026927 |
| 005 |
20220105104036.0 |
| 008 |
090805 |
| 020 |
|
|
|a 9833866533
|
| 090 |
0 |
0 |
|a JP MOR
|b MAL
|
| 245 |
1 |
0 |
|a Gagak dengan angsa
|
| 260 |
|
|
|a Selangor :
|b Education matters ,
|c 2008
|
| 440 |
|
|
|a Cerita teladan Aesop
|
| 500 |
|
|
|a Children age 4-6 years old (yellow)
|
| 650 |
|
0 |
|a Childrens stories, Malay
|
| 650 |
|
0 |
|a Fables, Malay
|
| 650 |
|
0 |
|a Malay fiction
|
| 999 |
|
|
|a 0001058361
|b Book
|c Children Collection
|e Perbadanan Perpustakaan Awam Johor
|
| 999 |
|
|
|a 0001058363
|b Book
|c Children Collection
|e Perbadanan Perpustakaan Awam Johor
|
| 999 |
|
|
|a 0001058364
|b Book
|c Children Collection
|e Perbadanan Perpustakaan Awam Johor
|